| 000 | 00541cam a22002171 4500 | ||
|---|---|---|---|
| 001 | sa 64003188 | ||
| 003 | DLC | ||
| 005 | 20260227112015.0 | ||
| 008 | 940609s1962 ii 000 1 malo | ||
| 010 | _asa 64003188 | ||
| 025 | _aPL480:I-Mal-90 | ||
| 035 | _a(OCoLC)30578802 | ||
| 040 |
_aDLC _cCU _dCU _dDLC |
||
| 042 | _apremarc | ||
| 050 | 0 | 0 |
_aPL4718.9.P28 _bK3 |
| 100 | 2 | _aPadmanabhan Nair, E. | |
| 245 | 1 | 0 | _aKalāśāla. |
| 260 |
_a[n.p., _bK. Ramachandra Pai, _c1962] |
||
| 300 |
_av, 368 p. _c17 cm. |
||
| 500 | _aIn Malayalam. | ||
| 999 |
_c57754 _d57754 |
||